| 000 | 00418nam a2200145Ia 4500 | ||
|---|---|---|---|
| 008 | 211109s9999||||xx |||||||||||||| ||und|| | ||
| 082 |
_a894.81207 _bVIJ-K |
||
| 100 | _aVijayan, M N | ||
| 245 | 0 | _aKavithayum Manasasthravum | |
| 260 |
_bMathrubhumi Printing _aCalicut _c1963 |
||
| 300 | _a121p. | ||
| 630 | _xGENERAL STACK | ||
| 650 |
_aLiterature _vMalayalam Literature _xLiterature StudyStudyMalayalam |
||
| 942 | _cBOOK | ||
| 999 |
_c39052 _d39052 |
||